Manažment inovačnej aktivity podniku bakalárska práca

Enregistré dans:
Détails bibliographiques
Auteur principal: Kolesár, Samuel
Collectivité auteur: Podnikovohospodárska fakulta EU so sídlom v Košiciach. Katedra manažmentu
Autres auteurs: Szaryszová, Petra, 1984-
Format: Livre
Langue:slovaque
Publié: Košice 2021
Tags: Ajouter un tag
Pas de tags, Soyez le premier à ajouter un tag!

MARC

LEADER 00000nbm a2200000 4500
001 0275035
005 20220404100029.7
041 0 |a slo 
044 |a SK 
245 1 0 |a Manažment inovačnej aktivity podniku  |b bakalárska práca  |c Samuel Kolesár ; školiteľ: Petra Szaryszová 
264 1 |a Košice  |c 2021 
300 |a 54 s. 
100 1 |a Kolesár, Samuel 
700 1 |a Szaryszová, Petra, 1984- 
710 2 |a Podnikovohospodárska fakulta EU so sídlom v Košiciach. Katedra manažmentu